LIBRARY & INFORMATION CENTRE, KCAET, TAVANUR

ONLINE PUBLIC ACCESS CATALOGUE (OPAC)

Tank irrigation and agricultural development / (Record no. 9972)

MARC details
000 -LEADER
fixed length control field 00502cam a2200181ua 4500
020 ## - INTERNATIONAL STANDARD BOOK NUMBER
ISBN 81-85475-16-4
041 ## - LANGUAGE CODE
Language code of text/sound track or separate title eng
082 ## - DEWEY DECIMAL CLASSIFICATION NUMBER
Classification number 631.587
Item number CHI/TA
100 ## - MAIN ENTRY--AUTHOR NAME
Personal name Chiranjeevulu, Peddakota .
245 ## - TITLE STATEMENT
Title Tank irrigation and agricultural development /
250 ## - EDITION STATEMENT
Edition statement 1 /
260 ## - PUBLICATION, DISTRIBUTION, ETC. (IMPRINT)
Place of publication Delhi :
Name of publisher Kanishka Publishing House ,
Year of publication 1992.
300 ## - PHYSICAL DESCRIPTION
Number of Pages 275 ; .
942 ## - ADDED ENTRY ELEMENTS (KOHA)
Koha item type Books
Holdings
Withdrawn status Lost status Damaged status Home library Current library Date acquired Full call number Accession Number Koha item type
      KAUAET KAUAET 07/04/2012 631.587 19723 Books
free website counter